| 000 | 00682nam a2200181 a 4500 | ||
|---|---|---|---|
| 020 | _a9251006954 (pbk.) | ||
| 040 | _cDLC | ||
| 082 | 0 | 0 | _a634 FOO 1978 C159 Or. |
| 245 | 0 | 0 |
_aChina : _bforestry support for agriculture : report on a FAO/UNDP study tour to the People's Republic of China, 11 August-30 September, 1977. |
| 260 |
_aRome : _bFood and Agriculture Organization of the United Nations, _c1978. |
||
| 300 |
_axii, 103 p. : _bill. ; _c28 cm. |
||
| 650 | 0 | _aForests and forestry | |
| 650 | 0 | _aForest policy | |
| 650 | 0 | _aAgriculture | |
| 710 | 2 | _aFood and Agriculture Organization of the United Nations. | |
| 710 | 2 | _aUnited Nations Development Programme. | |
| 942 | _cAEDBB | ||
| 999 |
_c19054 _d19054 |
||